| LDR | | 00995cam 2200253 c 4500 |
| 001 | | 000000149042 |
| 005 | | 20110704161915 |
| 008 | | 870625s1986 000 eng |
| 012 | |
▼a KDM198619435 |
| 040 | |
▼a 247024
▼d 248032 |
| 041 | 0 |
▼a eng
▼b kor |
| 049 | 1 |
▼l GM00032363
▼f DM |
| 056 | |
▼a 842
▼2 3 |
| 090 | |
▼a 842
▼b 조38ㅇ |
| 100 | 1 |
▼a Mi-Won |
| 245 | |
▼a Iago's microcosm observed in Othello /
▼d Mi-Won Joe. |
| 260 | |
▼a Masan :
▼b Kyungnam Univ,
▼c 1986. |
| 300 | |
▼a 53p ;
▼c 26cm. |
| 500 | |
▼a 한글서명은 Othello에 나타난 Iago의 小宇宙임 |
| 502 | 0 |
▼a 학위논문(석사)
▼b Kyungnam Univ.
▼c Dept. of Arts in English Literature
▼d 1986 |
| 653 | |
▼a 경남대학교대학원
▼a 오델로
▼a 소우주
▼a 논문
▼a IAGOS
▼a MICROCOSM
▼a OBSERVED
▼a OTHELLO
▼a 석사학위논문
▼a 영어영문학과
▼a 학위논문
▼a 희곡 |
| 950 | 0 |
▼a [비매품] |
| 960 | 1 |
▼a 세익스피어, 윌리암
▼x 오델로 |
| 965 | |
▼a 희곡
▼z 영국 |
| 007 | | ta |